Dôchodky v roku 2021

Prehľad náležitostí týkajúcich sa dôchodkových dávok v roku 2021. Zmeny v dôchodkoch, ich navýšenie a zmena veku odchodu do dôchodku. Úprava dôchodkového veku žien v závislosti od počtu vychovaných detí. Jednorazový doplatok k starobnému dôchodku. Valorizácia dôchodkov, 13. dôchodok a minimálny dôch...

Descripción completa

Guardado en:
Detalles Bibliográficos
Autor principal: Hamuľák, Mikuláš
Formato: Capítulo de libro
Lenguaje:eslovaco
Materias:
Etiquetas: Agregar Etiqueta
Sin Etiquetas, Sea el primero en etiquetar este registro!

MARC

LEADER 00000naa a2200000 4500
001 0277465
005 20210723222338.3
041 0 |a slo 
044 |a SK 
245 1 0 |a Dôchodky v roku 2021  |c Mikuláš Hamuľák 
520 |a Prehľad náležitostí týkajúcich sa dôchodkových dávok v roku 2021. Zmeny v dôchodkoch, ich navýšenie a zmena veku odchodu do dôchodku. Úprava dôchodkového veku žien v závislosti od počtu vychovaných detí. Jednorazový doplatok k starobnému dôchodku. Valorizácia dôchodkov, 13. dôchodok a minimálny dôchodok. Zrušenie oslobodenia 13. a 14. platu od platenia sociálnych odvodov. Zámer prípravy ústavného zákona o dôchodkovom systéme a protiústavnosť krátenia minimálneho dôchodku ľuďom sporiacim v druhom pilieri. 
610 2 0 |a poistenie dôchodkové 
610 2 0 |a sporenie dôchodkové 
610 2 0 |a dávky dôchodkové 
610 2 0 |a dôchodky starobné 
610 2 0 |a vek dôchodkový 
610 2 0 |a systémy dôchodkové 
610 2 0 |a zákony 
100 1 |a Hamuľák, Mikuláš